[Event "Avoine op 32nd"]
[Site "Avoine"]
[Date "2017.07.22"]
[Round "5"]
[White "Devallee, Jeremie"]
[Black "Bourges, Jerome"]
[Result "1-0"]
[WhiteElo "2261"]
[BlackElo "2071"]
[PlyCount "79"]
[EventDate "2017.07.22"]
[EventType "swiss"]
[EventRounds "9"]
[EventCountry "FRA"]
[SourceTitle "CBM 179 Extra"]
[Source "ChessBase"]
[SourceDate "2017.08.23"]
[SourceVersion "1"]
[SourceVersionDate "2017.08.23"]
[SourceQuality "1"]

1. Nc3 d5 2. e4 e6 3. d4 Nf6 4. e5 Nfd7 5. f4 c5 6. Nf3 Nc6 7. Be3 Be7 8. Qd2 0-0 9. dxc5 Qa5 10. Bd3 Nxc5 11. 0-0 f5 12. Be2 Rd8 13. Nxd5 Rxd5 14. Qxa5 Nxa5 15. b4 Na4 16. c4 Rd8 17. bxa5 Bb4 18. Nd4 Bxa5 19. Nb3 Bb4 20. Bf3 Rd7 21. Rfd1 Rc7 22. Rd8+ Kf7 23. Rc1 Be7 24. Rh8 Kg6 25. Kf2 Nc5 26. Rg1 Ne4+ 27. Ke2 Kf7 28. g4 Bf8 29. Bc1 Rxc4 30. gxf5 exf5 31. Bh5+ g6 32. Rxh7+ Ke6 33. Rxg6+ Kd5 34. Rh8 Bd7 35. Rgg8 Rac8 36. Bf7+ Be6 37. Rxf8 Rc2+ 38. Bd2 Rxd2+ 39. Nxd2 Rc2 40. Rd8+ 1-0

[Event "Rennes op 6th"]
[Site "Rennes"]
[Date "2013.07.11"]
[Round "8"]
[White "Bourges, Jerome"]
[Black "Petre, Nad Titus"]
[Result "0-1"]
[WhiteElo "2078"]
[BlackElo "2371"]
[PlyCount "60"]
[EventDate "2013.07.06"]
[EventType "swiss"]
[EventRounds "9"]
[EventCountry "FRA"]
[SourceTitle "CBM 155 Extra"]
[Source "ChessBase"]
[SourceDate "2013.08.26"]
[SourceVersion "1"]
[SourceVersionDate "2013.08.26"]
[SourceQuality "1"]

1. d4 Nf6 2. c4 d6 3. Nc3 e5 4. d5 Bf5 5. Nf3 Be7 6. h3 h6 7. g4 Bh7 8. Bg2 Nbd7 9. Be3 Nf8 10. Qa4+ N6d7 11. c5 Ng6 12. c6 Nb6 13. Qb3 bxc6 14. dxc6 Bg8 15. a4 Rb8 16. a5 f5 17. Qc2 Nc4 18. gxf5 Nh4 19. Nxh4 Nxe3 20. fxe3 Bxh4+ 21. Kf1 Qg5 22. Qd3 Rb4 23. e4 Bc4 24. Qf3 Rxb2 25. Qg4 Qe3 26. Qf3 Qd4 27. Rc1 0-0 28. Rh2 Qd2 29. Rd1 Bxe2+ 30. Qxe2 Qf4+ 0-1

[Event "FRA-chT2 1011"]
[Site "France"]
[Date "2010.10.17"]
[Round "1.3"]
[White "Monteau, Luc"]
[Black "Bourges, Jerome"]
[Result "1-0"]
[WhiteElo "2141"]
[BlackElo "2110"]
[PlyCount "47"]
[EventDate "2010.10.17"]
[EventType "team-tourn"]
[EventRounds "11"]
[EventCountry "FRA"]
[SourceTitle "EXT 2012"]
[Source "ChessBase"]
[SourceDate "2011.11.24"]
[SourceVersion "1"]
[SourceVersionDate "2011.11.24"]
[SourceQuality "1"]

1. e4 e6 2. d4 d5 3. Nc3 Nf6 4. e5 Nfd7 5. f4 c5 6. Nf3 Nc6 7. Be3 Qb6 8. Na4 Qa5+ 9. c3 cxd4 10. b4 Nxb4 11. cxb4 Bxb4+ 12. Bd2 Bxd2+ 13. Nxd2 b5 14. Nb2 Nb6 15. a4 Nc4 16. axb5 Qc3 17. Bxc4 dxc4 18. Nbxc4 0-0 19. 0-0 Bb7 20. Qa4 d3 21. Rf2 Bd5 22. Nd6 f6 23. N2e4 Qc7 24. Qd4 1-0

[Event "Paris-ch op-A"]
[Site "Paris"]
[Date "2009.07.05"]
[Round "2"]
[White "Bourges, Jerome"]
[Black "Baron, Daniel"]
[Result "1/2-1/2"]
[WhiteElo "2078"]
[BlackElo "2293"]
[PlyCount "117"]
[EventDate "2009.07.04"]
[EventType "swiss"]
[EventRounds "9"]
[EventCountry "FRA"]
[SourceTitle "EXT 2010"]
[Source "ChessBase"]
[SourceDate "2010.11.25"]
[SourceVersion "1"]
[SourceVersionDate "2010.11.25"]
[SourceQuality "1"]

1. d4 Nf6 2. c4 g6 3. Nc3 d5 4. Nf3 Bg7 5. Bg5 Ne4 6. Bh4 Nxc3 7. bxc3 dxc4 8. Qa4+ Qd7 9. Qxc4 b6 10. e3 Ba6 11. Qb3 Bxf1 12. Kxf1 0-0 13. Ke2 c5 14. dxc5 Nc6 15. Rad1 Qc8 16. Qa3 bxc5 17. Rd5 Qg4 18. Rxc5 Ne5 19. Bg3 Nd7 20. Rc7 Rfc8 21. h3 Qe6 22. Ng5 Qf5 23. Rd1 Rxc7 24. Bxc7 Qb5+ 25. c4 Qxc4+ 26. Qd3 Qxc7 27. Qxd7 Qc4+ 28. Kf3 e5 29. Qd5 Qxd5+ 30. Rxd5 h6 31. Ne4 f5 32. Ng3 e4+ 33. Ke2 Rb8 34. Rd2 Kf8 35. Rc2 Rb2 36. Kd2 Ke7 37. Rxb2 Bxb2 38. f3 Be5 39. Nh1 Kd6 40. fxe4 fxe4 41. Nf2 Kd5 42. Nd1 Bc7 43. Nc3+ Ke5 44. Kc2 h5 45. Kb3 Bb6 46. Nd1 Bxe3 47. Nxe3 Kd4 48. Nf1 e3 49. Nh2 e2 50. Nf3+ Ke3 51. Kc3 Kf2 52. Kd2 Kxg2 53. Kxe2 Kxh3 54. Kf2 h4 55. a4 Kg4 56. Ne5+ Kf5 57. Nc6 Ke6 58. Nxa7 Kd6 59. Nb5+ 1/2-1/2

[Event "Paris-ch op-A"]
[Site "Paris"]
[Date "2008.07.04"]
[Round "7"]
[White "Koch, Alain1111"]
[Black "Bourges, Jerome"]
[Result "1-0"]
[WhiteElo "1580"]
[BlackElo "1994"]
[PlyCount "55"]
[EventDate "2008.06.28"]
[EventType "swiss"]
[EventRounds "9"]
[EventCountry "FRA"]
[SourceTitle "CBM 125 Extra"]
[Source "ChessBase"]
[SourceDate "2008.09.01"]
[SourceVersion "1"]
[SourceVersionDate "2008.09.01"]
[SourceQuality "1"]

1. e4 e6 2. d4 d5 3. e5 c5 4. c3 Nc6 5. Nf3 Bd7 6. Be2 Nge7 7. Bg5 cxd4 8. cxd4 Qb6 9. Qd2 Nf5 10. Be3 Rc8 11. Nc3 Na5 12. 0-0 Nc4 13. Bxc4 Rxc4 14. a3 Be7 15. g4 Nh4 16. Nxh4 Bxh4 17. Kh1 0-0 18. g5 Kh8 19. Rg1 f6 20. gxf6 gxf6 21. Rg4 Qd8 22. Rxh4 fxe5 23. Bg5 Qb6 24. Qd3 Rf7 25. Bf6+ Kg8 26. Rg1+ Kf8 27. Bxe5 Qxb2 28. Bd6+ 1-0

[Event "Saint Affrique op 13th"]
[Site "Saint Affrique"]
[Date "2005.07.29"]
[Round "8"]
[White "Bourges, Jerome"]
[Black "Flouzat, Jean Marc"]
[Result "1-0"]
[WhiteElo "2050"]
[BlackElo "2174"]
[PlyCount "59"]
[EventDate "2005.07.23"]
[EventType "swiss"]
[EventRounds "9"]
[EventCountry "FRA"]
[SourceTitle "CBM 107 Extra"]
[Source "ChessBase"]
[SourceDate "2005.09.01"]
[SourceVersion "1"]
[SourceVersionDate "2005.09.01"]
[SourceQuality "1"]

1. d4 d5 2. c4 c6 3. Nc3 Nf6 4. Nf3 a6 5. c5 Bf5 6. Bf4 e6 7. h3 Nbd7 8. e3 b5 9. Be2 h6 10. 0-0 Be7 11. b4 0-0 12. a4 Ne4 13. Nxe4 Bxe4 14. axb5 axb5 15. Nd2 Bg6 16. Nb3 f6 17. Qd2 e5 18. Bg3 Qc7 19. Ra2 Rxa2 20. Qxa2 Rc8 21. Ra1 Kh7 22. Qb2 Qd8 23. Ra7 Ra8 24. Qa2 Rc8 25. Qa6 Bf5 26. Bg4 Bxg4 27. hxg4 Bf8 28. Qb7 Nb8 29. dxe5 fxe5 30. Bxe5 1-0